| 000 | 00642cab a2200181 4500 | ||
|---|---|---|---|
| 001 | ##L133128 | ||
| 008 | 060413n2006 000 0 eng u | ||
| 035 | _a(Sirsi) u133128 | ||
| 041 | 0 | _aeng | |
| 100 | 1 | _aYoung, Eleanor | |
| 245 | 0 | 0 | _aNeighbourhood watch |
| 260 | _c2006 | ||
| 490 | 0 |
_aRIBA Journal _v113(4) April 2006, 32-40(8) |
|
| 520 | _aReports on the design and architecture of a housing development in Tower Hamlets which consists of sets of terraces, houses and a small apartment block. Contains brief costings and architectural drawings. | ||
| 590 | _aIKA250406 | ||
| 690 | _aBUILT ENVIRONMENT-BUILDING COSTS | ||
| 942 | _n0 | ||
| 999 |
_c76815 _d76815 |
||